Krainy historyczne Polski - Quiz na mapie - Statystyki

Ogólne statystyki
  • Ten quiz został rozwiązany 371 razy
  • Średni wynik to 16 z 23
Odpowiedzi na mapie
Odpowiedzi zakodowano w zielono-czerwonej skali na mapie do tego quizu, zgodnie z poniższymi procentami.
 
Statystyki odpowiedzi
Odpowiedź % Poprawnych
Małopolska
92%
Śląsk
90%
Wielkopolska
85%
Pomorze Gdańskie
84%
Mazowsze
82%
Pomorze Zachodnie
76%
Ziemia kłodzko
76%
Podlasie
74%
Warmia
74%
Litwa
70%
Ruś Czerwona
69%
Kujawy
67%
Łużyce
67%
Prusy Książęca
66%
Polesie
64%
Nowa Marchia
62%
Pomorze Przednie
62%
Ziemia sieradzka i wieluńska
62%
Spisz
61%
Ziemia chełmińska
58%
Ziemia łęczycka
55%
Orawy
53%
Ziemia dobrzyńska
52%
Nie znaleziono quizów pasujących do podanych kryteriów
Rozkład punktacji
Procent ludzi z każdym wynikiem
Percentyl według liczby udzielonych odpowiedzi
Twoja historia wyników
Nie rozwiązałeś tego quizu